15 Brightest Stars Northern Hemisphere - Statistics

General Stats
  • This quiz has been taken 13 times
  • The average score is 8 of 15
Answer Stats
Hint Answer % Correct
8. Betelgeuse
100%
1. Sirius
90%
2. Arcturus
80%
3. Vega
80%
5. Rigel
70%
9. Altair
50%
14. Pollux
50%
6. Procyon
50%
7. Aldebaran
40%
4. Capella
40%
15. Castor
40%
13. Spica
30%
10. Achernar
10%
11. Acrux
10%
12. Hadar
10%
No matching quizzes found
Score Distribution
Percent of People with Each Score
Percentile by Number Answered
Your Score History
You have not taken this quiz